LDR 00874naa#a2200181#i#450# 001 EN\\bibl\115697 005 20260430113828.4 011 ## _a1994-4683 100 ## _a20260429b2026####ek#y0engy0150####ca 102 ## _aRU 200 1# _aJustifying the need for a comprehensive diagnostic system for individualized functional training in group settings _eJournal article 210 1# _aMoscow _cNational State University of Physical Education, Sports and Health named after P.F. Lesgaft _d2026 215 ## _a8 с. 608 ## _aJournal article _2local 675 ## _aМетодика физического воспитания. Пути и средства физического воспитания. Учебные заведения физической культуры. 796.011.3 _z 700 #1 _aNovikov _gIlya Sergeevich 700 #1 _aFedorova _gNatal'ya Igorevna 856 4# _auchzapiski.lesgaft.spb.ru _u